| 000 | 00479nam a2200169 a 4500 | ||
|---|---|---|---|
| 001 | 1723 | ||
| 003 | CO-ViMGA | ||
| 008 | 141112s2004 ck r 000 u spa d | ||
| 040 |
_aCO-ViMGA _bspa _cCO-ViMGA |
||
| 082 | 0 | 4 | _a722 S714n |
| 100 | 1 |
_aStahel, Hans R _950228 |
|
| 245 | 1 | 0 |
_aNacimiento de un palafito : _bnacimiento e historia de un poblado de palafitos |
| 260 |
_aBarcelona : _bTimanmas, _c1981 |
||
| 300 | _a75 p : il | ||
| 650 | 1 | 4 | _aARQUITECTURA ANTIGUA |
| 942 |
_2ddc _cBK |
||
| 999 |
_c13899 _d13899 |
||